MARC

LEADER 00000nam0a2200000 4500
001 364885
005 20231102011731.0
035 |a (RuTPU)RU\TPU\retro\22248 
035 |a RU\TPU\retro\22227 
090 |a 364885 
100 |a 20211202d1960 k y0rusy50 ca 
101 0 |a rus 
102 |a RU 
105 |a a z 001zy 
200 1 |a Основные и ультраосновные интрузии Корякско-Анадырского района (Северо-Восток СССР)  |f М. В. Богидаева, В. Т. Матвеенко  |g Всесоюзный научно-исследовательский институт золота и редких металлов 
210 |a Магадан  |c Изд-во ВНИИ-1  |d 1960 
215 |a 72 с.  |c ил. 
225 1 |a Труды ВНИИ-1 (Всесоюзного научно-исследовательского института золота и редких металлов) 
225 1 |a Геология  |v Вып. 59 
320 |a Библиогр. в конце ст. 
606 1 |a Геология  |2 stltpush  |3 (RuTPU)RU\TPU\subj\6095  |9 34054 
610 1 |a Корякско-Анадырский регион 
610 1 |a Северо-Восток СССР 
610 1 |a интрузии 
610 1 |a картирование 
610 1 |a породы 
610 1 |a тектоника 
610 1 |a геологическая изученность 
610 1 |a геологическое строение 
610 1 |a стратиграфия 
610 1 |a магматизм 
610 1 |a гипербазиты 
610 1 |a петрография 
675 |a 55  |v 4 
700 1 |a Богидаева  |b М. В. 
701 1 |a Матвеенко  |b В. Т. 
712 0 2 |a Всесоюзный научно-исследовательский институт золота и редких металлов  |c (Магадан)  |c (1960-1994)  |2 stltpush  |3 (RuTPU)RU\TPU\col\7605  |9 24351 
801 1 |a RU  |b 63413507  |c 20211018 
801 2 |a RU  |b 63413507  |c 20211202  |g RCR 
942 |c BK